Cryptocurrency Logos - Statistics

General Stats
  • This quiz has been taken 560 times
  • The average score is 7 of 18
Answer Stats
Picture Answer % Correct
Bitcoin
100%
Ethereum
83%
Litecoin
82%
Cardano
71%
Binance Coin
70%
Tether
68%
Bitcoin Cash
59%
Ripple
48%
Monero
44%
Stellar
39%
Dash
37%
NEO
14%
IOTA
12%
Peercoin
4%
Auroracoin
2%
MazaCoin
2%
Nxt
2%
Primecoin
2%
No matching quizzes found
Score Distribution
Percent of People with Each Score
Percentile by Number Answered
Your Score History
You have not taken this quiz